000 01409cam a2200253Ia 4500
001 54441
005 20230410132656.0
008 020826s2002 flu 000 f eng d
035 _a(OCoLC)ocm50481696
040 _aDPL
_cDPL
_dOCLCQ
020 _a0971606005 (pbk.) :
_c$13.95
020 _a9780971606005 (pbk.)
050 1 4 _aPS 3616
_bP322d 2002
049 _aGRAL
100 1 _aPatton, Anthony C.
245 1 0 _aDelphi Justice :
_ba novel /
_cAnthony C. Patton.
260 _a[Sarasota, FL] :
_bAtreus Pub.,
_cc2002.
300 _a324 p. ;
_c21 cm.
500 _a"A story of espionage and intrigue"--Cover.
520 _a"When CIA operative Nicholas Lowe learns abou the murder of his best friend in Panama, his life forever changes. Convinced by his mentor to return to the world of espionage, Nicholas assumes control of Operation Delphi Justice, a covert plan by the CIA to maintain a U.S. military presence in Panama post-1999. To complete the operation, Nicholas must immerse himself in the shady world of drug trafficking, money laundering, and political corruption, but not before his past catches up with him. While investigating the death of his best griend, all the signs point to a high-level conspiracy, but as the plot unfolds, Nicholas unravels the greatest mystery of all--himself"--Cover, P. [4].
650 0 _aEspionage
_zPanama
_vFiction.
942 _2lcc
_cbk
994 _aC0
_bDRFGD
999 _c85749
_d85749